| 000 | 01008nam2a22002771 4500 | ||
|---|---|---|---|
| 001 | v19\rc\1568654 | ||
| 005 | 20250618204256.0 | ||
| 035 | _a(NLR Aleph) 004698486 | ||
| 090 |
_a4033845 _c4033845 |
||
| 100 | _a20061002d1892 |||y0rusy50 ca | ||
| 101 | 0 | _arus | |
| 102 | _aRU | ||
| 105 | _ay z ||||| | ||
| 200 | 0 | _aВып. 1 | |
| 210 |
_d1892 _aБ. м. |
||
| 215 | _a65 с. | ||
| 461 | 0 |
_1001v19\rc\1568653 _12001#$aОчерки рысистой охоты$fСост. С. Евлампиев. Вып. 1-$vВып. 1 _1700#1$aЕвлампиев$bС.$4220 _94033836 _aЕвлампиев, С. _cМосква _d1892 _fСост. С. Евлампиев. Вып. 1- _nт-во скоропеч. А.А. Левенсон _tОчерки рысистой охоты _vВып. 1 |
|
| 801 | 0 |
_aRU _bNLR _gpsbo |
|
| 801 | 0 |
_aRU _bRuMoRGB _2psbo |
|
| 801 | 1 |
_aRU _bProSoft-M _2rusmarc |
|
| 852 |
_aNLR _j18.181.4.301 |
||
| 899 |
_aRuMoRGB _jA 235/274 |
||
| 899 |
_aRuMoRGB _jV 286/415 |
||
| 899 | _aБАН | ||
| 942 | _cBOOK | ||
| 980 | _aNB | ||